Every player to have played a Bowls Premier League - Statistics

General Stats
  • This quiz has been taken 138 times
  • The average score is 34 of 82
Answer Stats
Events played Teams played for Answer % Correct
BPL06-BPL19 Illawarra Gorillas, Tweed Heads Ospreys Aaron Teys
86%
APL03-BPL19 Melbourne Roys, Sydney Lions Aaron Wilson
85%
APL02, BPL06-11, BPL14-19 Moama Steamers, Moreton Bay Pirates Alex Marshall
84%
BPL06-07, BPL12-19 Sydney Lions, Tweed Heads Ospreys Corey Wedlock
84%
APL01-19 Sydney Lions, Gold Coast Hawks, Moama Steamers Aron Sherriff
81%
APL03-BPL05, BPL07, BPL09-19 Sydney Lions Ben Twist
77%
APL02-BPL19 Moama Steamers Ryan Bester
77%
APL01-02, BPL05-17, BPL19 Sydney Lions Karen Murphy
73%
APL01-03, BPL10-19 Melbourne Roys, Melbourne eXtreme Matt Flapper
73%
BPL10-19 Melbourne Pulse Gary Kelly
70%
APL02-BPL04, BPL07-09, BPL14-19 Gold Coast Hawks Nathan Rice
70%
BPL10-15, BPL17-19 Tweed Heads Ospreys Chloe Stewart
68%
BPL06-19 Melbourne Roys, Melbourne Pulse Barrie Lester
67%
APL01-BPL04, BPL06, BPL08, BPL14-18 New Zealand Blackjacks, Melbourne eXtreme Ali Forsyth
65%
BPL13-15, BPL18-19 Perth Suns, Sydney Lions, Moreton Bay Pirates Dawn Hayman
65%
APL01-03, BPL05-09, BPL12-13 Perth Suns, Moreton Bay Pirates, Illawarra Gorillas Jeremy Henry
64%
APL01-03, BPL05-09, BPL11, BPL15-18 New Zealand Blackjacks, Moreton Bay Pirates, Moama Steamers Jo Edwards
64%
BPL05-11, BPL13-19 Gold Coast Hawks, Moreton Bay Pirates Kelsey Cottrell
63%
BPL10-11, BPL14-18 Perth Suns Cody Packer
62%
APL02-BPL07, BPL09, BPL15-17 New Zealand Blackjacks, Gold Coast Hawks Shannon McIlroy
60%
BPL14 Moama Steamers Kevin Anderson
57%
BPL18 Adelaide Pioneers Nathan Black
57%
BPL19 Moreton Bay Pirates Ryan Burnett
57%
APL01-BPL04, BPL10-19 Adelaide Endurance, Adelaide Pioneers Wayne Ruediger
55%
BPL10-12, BPL14-19 Adelaide Pioneers, Tasmania Tridents Rebecca Van Asch
54%
APL01-BPL04 Moreton Bay Pirates Kelvin Kerkow
53%
APL01-03, BPL05, BPL08, BPL10-19 Adelaide Endurance, Sydney Lions, Adelaide Pioneers Scott Thulborn
53%
BPL04-07, BPL09-10, BPL12-19 Moama Steamers, Melbourne Pulse Ellen Fife
52%
BPL04, BPL12-19 New Zealand Blackjacks, Moama Steamers, Adelaide Pioneers Katelyn Inch
52%
APL01-BPL06, BPL18-19 Perth Suns, Gold Coast Hawks Brett Wilkie
50%
BPL04-05, BPL10-11, BPL13-15, BPL17 Moreton Bay Pirates, Melbourne Pulse, Moama Steamers, Melbourne eXtreme Natasha Van Eldik
50%
BPL16-19 Perth Suns Blake Nairn
47%
BPL06-16 Melbourne Roys, Melbourne eXtreme Carla Krizanic
46%
BPL04-06, BPL08-11, BPL15-19 Perth Suns Kristina Krstic
46%
BPL16-19 Moama Steamers Cassandra Millerick
45%
BPL14-18 Moreton Bay Pirates Chris Rosanes
45%
APL02, BPL04, BPL06-07, BPL11 Gold Coast Hawks, Moama Steamers Lynsey Clarke
44%
BPL10-12 Perth Suns Lee Schraner
43%
BPL08-09, BPL12-14, BPL19 Sydney Lions, Perth Suns, Melbourne eXtreme Ray Pearse
43%
BPL19 Perth Suns Carl Healey
42%
BPL18-19 Melbourne eXtreme Kylie Whitehead
42%
APL01-03 Sydney Lions Steve Glasson
42%
BPL14-17, BPL19 Tasmania Tridents Taelyn Male
41%
APL01-03, BPL07 Perth Suns Clive Adams
40%
BPL12, BPL16 Moreton Bay Pirates, Tweed Heads Ospreys Kira Bourke
39%
APL01-03, BPL05-06 Moreton Bay Pirates, Gold Coast Hawks Mark Casey
39%
BPL08-09 Gold Coast Hawks Georgia White
37%
APL01-BPL05 Melbourne Roys Dylan Fisher
35%
BPL18-19 Tasmania Tridents Rob McMullen
35%
BPL17-18 Tasmania Tridents Michael Sims
34%
APL02-BPL13 Moama Steamers Michael Walker
33%
BPL17 Melbourne eXtreme Nick Cahill
32%
BPL15 Melbourne eXtreme Jessie Cottell
29%
BPL14 Moreton Bay Pirates Ellen Falkner
28%
BPL07-11 Moreton Bay Pirates Michael Breen
28%
BPL05-09 Perth Suns John Slavich
26%
BPL04-05 Moreton Bay Pirates Sean Baker
26%
BPL14-16 Tasmania Tridents Mark Nitz
23%
BPL12-13 Moreton Bay Pirates Aaron Hewson
22%
BPL10 Moama Steamers David Ferguson
22%
APL03-BPL05 Adelaide Endurance Max Kleinig
22%
BPL06-BPL09 Illawarra Gorillas Kay Moran
21%
APL03 Moreton Bay Pirates Alex Murtagh
20%
BPL05 New Zealand Blackjacks Blake Signal
20%
BPL12 Perth Suns Genevieve Delves
19%
APL01-02, BPL06 Moreton Bay Pirates Robbie Wild
19%
BPL04-05, BPL08 Melbourne Roys, Moama Steamers Tiffany Brodie
19%
BPL10-11 Tweed Heads Ospreys Kurt Brown
18%
APL03 Perth Suns Matt Ellul
18%
BPL08-09 Perth Suns Shane Knott
18%
APL02-BPL04 Perth Suns Tom Mitchell
18%
BPL13 Perth Suns Trystan Smallacombe
17%
APL01 New Zealand Blackjacks Tony Grantham
16%
BPL04-06 Perth Suns Pieter Harris
15%
BPL07 New Zealand Blackjacks Mike Nagy
14%
APL01-02 Melbourne Roys Graeme Archer
13%
APL03 Moama Steamers Safuan Said
13%
APL02 Adelaide Endurance Simon Dorr
13%
BPL07 Perth Suns Helen Morss
12%
APL01 Adelaide Endurance Mark Haines
11%
BPL08-09 New Zealand Blackjacks Seamus Curtain
11%
BPL04-05 Adelaide Endurance Breanna Johnson
10%
No matching quizzes found
Score Distribution
Percent of People with Each Score
Percentile by Number Answered
Your Score History
You have not taken this quiz